000 01130nam0a22002651 4500
001 rc\3430964
005 20250610003132.0
021 _aRU
_b[69-48831]
035 _a(NLR Aleph) 007586169
090 _a5561086
_c5561086
100 _a20130115d1969 |||y0rusy50 ca
101 0 _arus
102 _aRU
105 _ay z |||||
200 1 _aМарксистско-ленинское учение о классах и государстве
_eМетод. пособие по философии пропагандистов школ основ марксизма-ленинизма
_fДом полит. просвещения Алт. крайкома КПСС
210 _aБарнаул
_cБ. и.
_d1969
215 _a30 с.
_d19
606 _aКлассы и классовая борьба
_jМатериалы для политзанятий
_2psbo
606 _aГосударство
_jМатериалы для политзанятий
_2psbo
700 1 _aГуйван
_bП.Н.
_gПетр Назарович
801 0 _aRU
_bNLR
_gpsbo
801 1 _aRU
_bELAR
_2rusmarc
852 _aNLR
_j69-4/13798
942 _cBOOK
980 _aNB